000 00583nam a2200205 a 4500
001 11381
003 CO-ViMGA
008 141112s2004 ck r 000 u spa d
020 _a0911560025
040 _aCO-ViMGA
_bspa
_cCO-ViMGA
082 0 4 _a220.2 W715l
100 1 _aUrantia foundation, Chicago,
_915872
245 1 0 _aEl Libro de Urantia
260 _aChicago (EE.UU.) :
_bUrantia foundation,
_c1993
300 _a2097.p.
590 _aForma de adquisición : Premio - Mincultura
650 1 4 _aBIBLIA - CONCORDANCIAS
_915873
650 1 4 _aCOSMOGONIA
_915874
942 _2ddc
_cBK
999 _c22581
_d22581